[Event "28th WSCC Open 50 2018"]
[Site "Bled"]
[Date "2018.11.25"]
[Round "7"]
[White "Plotkin, Victor"]
[Black "Berend, Fred"]
[Result "1/2-1/2"]
[WhiteElo "2307"]
[BlackElo "2369"]
[Annotator "NA"]
[PlyCount "172"]
[EventDate "2018.11.17"]
[EventType "swiss"]
[EventCountry "SLO"]
[SourceTitle "playchess.com"]
[Source "ChessBase"]
[SourceQuality "1"]
[TimeControl "40/5400+30:1800+30"]

1. e4 {[%emt 0:00:00]} c5 {[%emt 0:02:31]} 2. c3 {[%emt 0:00:00]} e6 {[%emt 0:00:16]} 3. d4 {[%emt 0:00:21]} d5 4. exd5 {[%emt 0:01:25]} Qxd5 {[%emt 0:00:11]} 5. Nf3 {[%emt 0:00:13]} Nf6 {[%emt 0:00:07]} 6. Be2 {[%emt 0:00:58]} Nc6 {[%emt 0:00:20]} 7. O-O {[%emt 0:00:29]} cxd4 {[%emt 0:02:24]} 8. cxd4 {[%emt 0:00:12]} Be7 {[%emt 0:00:09]} 9. Nc3 {[%emt 0:00:18]} Qd6 {[%emt 0:00:05]} 10. Nb5 {[%emt 0:08:50]} Qb8 {[%emt 0:00:55] B22: Sicilian: 2 c3} (10... Qd8 11. Bf4 Nd5 12. Bg3 O-O 13. Bc4 a6 14. Nc3 Nxc3 15. bxc3 b5 16. Bd3 Bb7 17. a4 b4 18. Rb1 Bf6 19. Be4 a5 20. cxb4 axb4 21. Bxc6 {½-½ (21) Zvjaginsev,V (2660)-Moiseenko,A (2692) Berlin 2015}) 11. Bg5 {[%emt 0:03:00]} Nd5 $146 {[%emt 0:03:47]} ({Predecessor:} 11... O-O 12. Bh4 Ne4 13. Bxe7 Nxe7 14. Qc2 Qf4 15. g3 Qf5 16. Nh4 Qd5 17. Nc7 Qc6 18. Qxc6 Nxc6 19. Nxa8 Nxd4 {1-0 (35) Alarcon Casellas,R (2398)-Morales Romero,P (2416) Havana 2010}) 12. Bxe7 {[%emt 0:04:47]} Ncxe7 {[%emt 0:00:07]} 13. Ne5 {[%emt 0:03:41]} Nc6 {[%emt 0:07:01]} 14. Bf3 {[%emt 0:04:06]} a6 {[%emt 0:05:57]} 15. Bxd5 {[%emt 0:03:15]} Nxe5 16. Nc3 {[%emt 0:06:31]} Ng6 {[%emt 0:02:24]} 17. Be4 {[%emt 0:02:57]} O-O {[%emt 0:00:32]} 18. Qb3 {[%emt 0:01:04]} Rd8 {[%emt 0:05:48]} 19. Rfd1 {[%emt 0:01:51]} Ra7 {[%emt 0:07:16]} 20. Na4 {[%emt 0:20:52]} Bd7 {[%emt 0:08:57]} 21. Nc5 {[%emt 0:01:07]} b6 {[%emt 0:00:39]} 22. Nxd7 {[%emt 0:03:42]} Raxd7 {[%emt 0:00:28]} 23. d5 {[%emt 0:01:10]} Qd6 {[%emt 0:11:21]} 24. g3 {[%emt 0:02:43]} e5 {[%emt 0:00:30]} 25. Bxg6 {[%emt 0:03:41]} hxg6 {[%emt 0:13:33]} 26. Rac1 {[%emt 0:04:21]} b5 {[%emt 0:00:30]} 27. Qe3 {[%emt 0:00:30]} Rc7 {[%emt 0:00:30]} 28. Rxc7 {[%emt 0:00:30]} Qxc7 {[%emt 0:00:30]} 29. Rc1 {[%emt 0:00:30]} Qd6 {[%emt 0:00:30]} 30. Rc5 {[%emt 0:00:30]} b4 {[%emt 0:08:02]} 31. Qc1 {[%emt 0:03:31]} Kh7 {[%emt 0:02:31]} 32. Qc4 {[%emt 0:00:55]} e4 33. Qxe4 {[%emt 0:00:30]} Qb8 {[%emt 0:08:03]} 34. Qf4 {[%emt 0:01:53]} Qxf4 {[%emt 0:03:51]} 35. gxf4 {[%emt 0:00:03]} g5 {[%emt 0:00:15]} 36. fxg5 {[%emt 0:01:02]} Kg6 {[%emt 0:00:07]} 37. h4 {[%emt 0:03:17]} Kh5 38. Rc4 {[%emt 0:00:34]} b3 {[%emt 0:04:50]} 39. axb3 {[%emt 0:00:33]} Rxd5 {[%emt 0:00:10]} 40. Rf4 {[%emt 0:00:00]} Rd3 {[%emt 0:00:00]} 41. Rxf7 {[%emt 0:05:29]} Kxh4 {[%emt 0:04:47]} 42. Rxg7 {[%emt 0:00:27]} Rxb3 {[%emt 0:00:14]} 43. g6 Kg5 44. Ra7 {[%emt 0:04:13]} Kxg6 {[%emt 0:01:19]} 45. Rxa6+ {[%emt 0:00:09]} Kf5 46. Ra2 {[%emt 0:00:31]} Ke4 {[%emt 0:00:30]} 47. Kg2 {[%emt 0:00:15]} Kf4 {[%emt 0:00:32]} 48. Kf1 {[%emt 0:00:40]} Ke4 {[%emt 0:02:55]} 49. Ke2 {[%emt 0:00:11]} Kd4 {[%emt 0:05:43]} 50. Kd1 {[%emt 0:02:09]} (50. Kd2 $16) 50... Rf3 {[%emt 0:00:20]} 51. Ke2 {[%emt 0:01:42]} Rb3 {[%emt 0:00:05]} 52. f3 {[%emt 0:00:29]} Ke5 $1 {[%emt 0:00:19]} 53. Kf2 {[%emt 0:00:35]} Kf4 $1 {[%emt 0:00:06]} 54. Kg2 {[%emt 0:00:18]} Rb4 {[%emt 0:00:36]} 55. Kf2 {[%emt 0:00:43]} Rb3 {[%emt 0:00:41]} 56. Ke2 {[%emt 0:02:46]} Ke5 {[%emt 0:01:25]} 57. Kd2 {[%emt 0:03:16]} Rxf3 {[%emt 0:00:13]} 58. Ra8 {[%emt 0:00:48]} Kd6 {[%emt 0:01:56]} 59. Rc8 {[%emt 0:00:22]} Rb3 {[%emt 0:01:32]} 60. Kc2 {[%emt 0:00:31]} Rb5 {[%emt 0:01:18]} 61. Rc4 {[%emt 0:01:10]} Kd5 {[%emt 0:00:41]} 62. Rc3 {[%emt 0:00:21]} Kd4 {[%emt 0:03:05]} 63. Rh3 {[%emt 0:01:15]} Rb8 {[%emt 0:00:22]} 64. b3 {[%emt 0:01:20]} Kc5 65. Kc3 {[%emt 0:00:09]} Rg8 {[%emt 0:00:36]} 66. Rh5+ {[%emt 0:00:05]} Kb6 {[%emt 0:00:02]} 67. Kb4 {[%emt 0:00:19]} Rg4+ {[%emt 0:00:05]} 68. Ka3 {[%emt 0:00:09]} Ka6 {[%emt 0:01:03]} 69. Rh3 {[%emt 0:00:35]} Kb6 {[%emt 0:00:30]} 70. b4 {[%emt 0:00:15]} Rg7 {[%emt 0:00:12]} 71. Rh6+ {[%emt 0:00:25]} Kb5 {[%emt 0:00:15]} 72. Rh5+ {[%emt 0:00:05]} Kb6 {[%emt 0:00:02]} 73. Kb3 {[%emt 0:00:29]} Rf7 {[%emt 0:00:11]} 74. Rh8 {[%emt 0:00:24]} Rg7 {[%emt 0:00:14]} 75. Rb8+ {[%emt 0:00:07]} Ka7 {[%emt 0:00:15]} 76. Rb5 {[%emt 0:00:10]} Ka6 {[%emt 0:00:36]} 77. Ka4 {[%emt 0:00:37]} Rg6 {[%emt 0:02:11]} 78. Rb8 {[%emt 0:00:43]} Ka7 {[%emt 0:00:39]} 79. Rb5 {[%emt 0:00:20]} Ka6 {[%emt 0:00:04]} 80. Rh5 {[%emt 0:00:51]} Kb6 {[%emt 0:00:07]} 81. Rh4 {[%emt 0:00:22]} Kb7 {[%emt 0:00:26]} 82. Kb5 {[%emt 0:00:52]} Rg5+ {[%emt 0:00:05]} 83. Kc4 {[%emt 0:00:08]} Rg6 {[%emt 0:00:03]} 84. Rh5 {[%emt 0:02:08]} Kb6 {[%emt 0:00:47]} 85. Rb5+ {[%emt 0:00:26]} Kc7 {[%emt 0:00:25]} 86. Kb3 {[%emt 0:00:41]} Rg1 $11 {[%emt 0:01:08]} 1/2-1/2

[Event "28th WSCC Open 50 2018"]
[Site "Bled"]
[Date "2018.11.25"]
[Round "7"]
[White "Mannion, Stephen R"]
[Black "Grant, Jonathan I M"]
[Result "1/2-1/2"]
[WhiteElo "2286"]
[BlackElo "2192"]
[Annotator "NA"]
[PlyCount "33"]
[EventDate "2018.11.17"]
[EventType "swiss"]
[EventCountry "SLO"]
[SourceTitle "playchess.com"]
[Source "ChessBase"]
[SourceQuality "1"]
[TimeControl "40/5400+30:1800+30"]

1. e4 {[%emt 0:00:00]} c6 {[%emt 0:00:00]} 2. d4 {[%emt 0:00:00]} d5 {[%emt 0:00:00]} 3. e5 {[%emt 0:00:00]} Bf5 {[%emt 0:00:00]} 4. h4 {[%emt 0:00:00]} h5 {[%emt 0:00:00]} 5. Bd3 {[%emt 0:00:11]} Bxd3 {[%emt 0:00:04]} 6. Qxd3 {[%emt 0:00:04]} Qa5+ {[%emt 0:00:06]} 7. Nd2 {[%emt 0:01:46]} e6 {[%emt 0:00:25]} 8. Ngf3 {[%emt 0:01:53]} Qa6 {[%emt 0:02:03]} 9. c4 {[%emt 0:01:30]} Nh6 {[%emt 0:01:05]} 10. O-O {[%emt 0:02:34]} Nf5 {[%emt 0:02:55]} 11. Qc3 {[%emt 0:11:33]} Be7 {[%emt 0:04:38]} 12. g3 {[%emt 0:00:06]} dxc4 {[%emt 0:04:13]} 13. Nxc4 {[%emt 0:00:56]} Nd7 {[%emt 0:04:35]} 14. Bg5 {[%emt 0:07:37]} Nb6 {[%emt 0:02:15]} 15. Ne3 {[%emt 0:06:43]} Nd5 {[%emt 0:15:15]} 16. Nxd5 {[%emt 0:03:54]} cxd5 {[%emt 0:00:08]} 17. Bxe7 {[%emt 0:04:16]} 1/2-1/2

[Event "28th WSCC Open 50 2018"]
[Site "Bled"]
[Date "2018.11.25"]
[Round "7"]
[White "Petran, Peter"]
[Black "Dougherty, Michael"]
[Result "0-1"]
[WhiteElo "2256"]
[BlackElo "2155"]
[Annotator "NA"]
[PlyCount "50"]
[EventDate "2018.11.17"]
[EventType "swiss"]
[EventCountry "SLO"]
[SourceTitle "playchess.com"]
[Source "ChessBase"]
[SourceQuality "1"]
[TimeControl "40/5400+30:1800+30"]

1. g3 {[%emt 0:03:06]} g6 {[%emt 0:00:04]} 2. Bg2 {[%emt 0:00:10]} Bg7 {[%emt 0:00:10]} 3. c4 {[%emt 0:00:43]} e5 {[%emt 0:00:54]} 4. Nc3 {[%emt 0:00:08]} Nc6 {[%emt 0:01:07]} 5. e3 {[%emt 0:00:17]} d6 {[%emt 0:02:45]} 6. Nge2 {[%emt 0:00:06]} Be6 {[%emt 0:03:23]} 7. d4 {[%emt 0:00:48]} exd4 {[%emt 0:03:51]} 8. exd4 {[%emt 0:00:11]} Bxc4 {[%emt 0:00:48]} 9. d5 {[%emt 0:00:27]} Ne5 {[%emt 0:03:34]} 10. O-O {[%emt 0:00:08]} Ne7 {[%emt 0:02:20]} 11. f4 {[%emt 0:06:36]} Nd7 {[%emt 0:01:54]} 12. Rf2 {[%emt 0:01:56]} Nf5 {[%emt 0:11:39]} 13. g4 {[%emt 0:00:36]} Nh4 {[%emt 0:00:18]} 14. Bh1 {[%emt 0:01:20]} h5 {[%emt 0:00:29]} 15. gxh5 {[%emt 0:00:49]} Qe7 {[%emt 0:10:57]} 16. hxg6 {[%emt 0:01:25]} O-O-O {[%emt 0:00:56]} 17. gxf7 {[%emt 0:01:31]} Nc5 {[%emt 0:04:49]} 18. Ng3 {[%emt 0:05:18]} Nd3 {[%emt 0:03:19]} 19. Qg4+ {[%emt 0:17:20]} Kb8 {[%emt 0:03:40]} 20. Qxg7 {[%emt 0:00:53]} Qe1+ {[%emt 0:03:08]} 21. Rf1 {[%emt 0:00:50]} Nf2 {[%emt 0:00:17]} 22. Bg2 {[%emt 0:36:22]} Nf3+ {[%emt 0:04:27]} 23. Bxf3 {[%emt 0:00:14]} Bxf1 {[%emt 0:00:07]} 24. Bd2 {[%emt 0:07:36]} Nh3+ {[%emt 0:00:34]} 25. Kh1 Be2+ 0-1

[Event "28th WSCC Open 50 2018"]
[Site "Bled"]
[Date "2018.11.25"]
[Round "7"]
[White "Findlay, Ian T."]
[Black "Kannenberg, Karl-Heinz"]
[Result "1/2-1/2"]
[WhiteElo "2255"]
[BlackElo "2182"]
[Annotator "NA"]
[PlyCount "46"]
[EventDate "2018.11.17"]
[EventType "swiss"]
[EventCountry "SLO"]
[SourceTitle "playchess.com"]
[Source "ChessBase"]
[SourceQuality "1"]
[TimeControl "40/5400+30:1800+30"]

1. e4 {[%emt 0:00:00]} c6 {[%emt 0:00:00]} 2. d4 {[%emt 0:00:00]} d5 {[%emt 0:00:00]} 3. Nc3 {[%emt 0:00:07]} dxe4 {[%emt 0:00:08]} 4. Nxe4 {[%emt 0:00:10]} Bf5 {[%emt 0:00:24]} 5. Ng3 {[%emt 0:00:14]} Bg6 {[%emt 0:00:13]} 6. h4 {[%emt 0:00:13]} h6 {[%emt 0:00:17]} 7. Nf3 {[%emt 0:00:09]} e6 {[%emt 0:00:50]} 8. Ne5 {[%emt 0:00:43]} Bh7 {[%emt 0:00:17]} 9. Bd3 {[%emt 0:00:12]} Bxd3 {[%emt 0:04:20]} 10. Qxd3 {[%emt 0:00:04]} Nd7 {[%emt 0:00:24]} 11. f4 {[%emt 0:00:10]} Be7 {[%emt 0:00:31]} 12. Bd2 {[%emt 0:00:33]} Nxe5 {[%emt 0:03:16]} 13. fxe5 {[%emt 0:00:03]} Bxh4 {[%emt 0:01:11]} 14. O-O-O {[%emt 0:00:11]} Bxg3 {[%emt 0:01:07]} 15. Qxg3 {[%emt 0:00:07]} Ne7 {[%emt 0:01:38]} 16. Qxg7 {[%emt 0:00:09]} Rg8 {[%emt 0:00:11]} 17. Qh7 {[%emt 0:00:04]} Rxg2 {[%emt 0:01:56]} 18. Bxh6 {[%emt 0:42:48]} Qd5 {[%emt 0:15:56]} 19. Rhg1 {[%emt 0:04:36]} Rxg1 {[%emt 0:07:31]} 20. Rxg1 {[%emt 0:00:03]} O-O-O {[%emt 0:00:12]} 21. c3 {[%emt 0:05:50]} Nf5 {[%emt 0:15:42]} 22. Bd2 {[%emt 0:07:15]} Qxa2 {[%emt 0:06:22]} 23. Rg8 {[%emt 0:00:26]} Qa1+ {[%emt 0:15:30]} 1/2-1/2

[Event "28th WSCC Open 50 2018"]
[Site "Bled"]
[Date "2018.11.25"]
[Round "7"]
[White "Mukanov, Saltanat"]
[Black "Chan, Peng Kong"]
[Result "1/2-1/2"]
[WhiteElo "2250"]
[BlackElo "2169"]
[Annotator "ChessBase"]
[PlyCount "95"]
[EventDate "2018.11.17"]
[EventType "swiss"]
[EventCountry "SLO"]
[SourceTitle "playchess.com"]
[Source "ChessBase"]
[SourceQuality "1"]
[TimeControl "40/5400+30:1800+30"]

1. e4 {[%emt 0:04:19]} c5 {[%emt 0:00:00]} 2. Nf3 {[%emt 0:00:02]} e6 {[%emt 0:00:02]} 3. d4 {[%emt 0:00:02]} cxd4 {[%emt 0:00:05]} 4. Nxd4 {[%emt 0:00:02]} a6 {[%emt 0:00:59]} 5. Nc3 {[%emt 0:00:12]} Qc7 {[%emt 0:00:25]} 6. Be2 {[%emt 0:00:18]} Nf6 {[%emt 0:00:29]} 7. O-O {[%emt 0:00:37]} Nc6 {[%emt 0:01:50]} 8. Be3 {[%emt 0:00:06]} d6 {[%emt 0:01:31]} 9. f4 {[%emt 0:00:34]} Bd7 {[%emt 0:06:10]} 10. Qe1 {[%emt 0:00:42]} Be7 {[%emt 0:03:31]} 11. Qg3 {[%emt 0:00:18]} O-O {[%emt 0:08:53]} 12. e5 {[%emt 0:01:25]} dxe5 {[%emt 0:01:33]} 13. fxe5 {[%emt 0:01:30]} Nxd4 {[%emt 0:00:11]} 14. Bxd4 {[%emt 0:02:38]} Bc5 {[%emt 0:00:11]} 15. Qe3 {[%emt 0:00:57]} Bxd4 {[%emt 0:01:34]} 16. Qxd4 {[%emt 0:00:09]} Nd5 {[%emt 0:00:49]} 17. Nxd5 {[%emt 0:02:10]} exd5 {[%emt 0:00:06]} 18. Bd3 {[%emt 0:00:06]} Rae8 {[%emt 0:04:20]} 19. Rae1 {[%emt 0:00:14]} Be6 {[%emt 0:03:39]} 20. a3 {[%emt 0:11:43]} Qd8 {[%emt 0:07:52]} 21. Re3 {[%emt 0:02:33]} Qg5 {[%emt 0:04:03]} 22. Rfe1 {[%emt 0:08:03]} Re7 {[%emt 0:02:25]} 23. Be2 {[%emt 0:16:56]} Rc7 {[%emt 0:08:22]} 24. c3 {[%emt 0:01:41]} Rd8 {[%emt 0:04:36]} 25. Rf1 {[%emt 0:08:02]} Re8 {[%emt 0:01:40]} 26. Re1 {[%emt 0:04:27]} Rd8 {[%emt 0:01:47]} 27. Rf1 {[%emt 0:00:55]} Re8 {[%emt 0:00:26]} 28. Bd3 {[%emt 0:05:55]} Rce7 {[%emt 0:01:46]} 29. Rfe1 {[%emt 0:00:02]} g6 {[%emt 0:01:19]} 30. Be2 {[%emt 0:05:39]} Rc7 {[%emt 0:01:08]} 31. h4 {[%emt 0:01:07]} Qe7 {[%emt 0:02:17]} 32. g3 {[%emt 0:01:28]} Qc5 {[%emt 0:01:15]} 33. Qxc5 {[%emt 0:02:07]} Rxc5 {[%emt 0:00:06]} 34. Rd1 {[%emt 0:00:06]} Kf8 {[%emt 0:03:00]} 35. Bf3 {[%emt 0:03:36]} a5 {[%emt 0:08:23]} 36. Kf2 {[%emt 0:01:16]} a4 {[%emt 0:01:01]} 37. Red3 {[%emt 0:01:27]} Bf5 {[%emt 0:03:50]} 38. Rxd5 {[%emt 0:00:35]} Rxe5 {[%emt 0:00:14]} 39. Rxe5 {[%emt 0:07:14]} Rxe5 {[%emt 0:00:01]} 40. Rd5 {[%emt 0:00:00]} Rxd5 {[%emt 0:00:00]} 41. Bxd5 {[%emt 0:00:55]} b6 {[%emt 0:04:51]} 42. b3 {[%emt 0:12:21]} axb3 {[%emt 0:00:56]} 43. Bxb3 {[%emt 0:00:02]} Ke7 {[%emt 0:00:15]} 44. Ke3 {[%emt 0:00:10]} f6 {[%emt 0:00:44]} 45. Kd4 {[%emt 0:05:11]} Kd6 {[%emt 0:00:36]} 46. Bd1 {[%emt 0:01:44]} g5 {[%emt 0:00:56]} 47. hxg5 {[%emt 0:01:04]} fxg5 {[%emt 0:00:02]} 48. g4 {[%emt 0:00:42]} 1/2-1/2

[Event "28th WSCC Open 50 2018"]
[Site "Bled"]
[Date "2018.11.25"]
[Round "7"]
[White "Kastelic, Marian"]
[Black "Haessel, Dale R."]
[Result "0-1"]
[WhiteElo "2241"]
[BlackElo "2155"]
[Annotator "NA"]
[PlyCount "64"]
[EventDate "2018.11.17"]
[EventType "swiss"]
[EventCountry "SLO"]
[SourceTitle "playchess.com"]
[Source "ChessBase"]
[SourceQuality "1"]
[TimeControl "40/5400+30:1800+30"]

1. d4 {[%emt 0:00:00]} Nf6 {[%emt 0:00:00]} 2. c4 {[%emt 0:00:00]} g6 {[%emt 0:00:00]} 3. Nc3 {[%emt 0:00:00]} d5 {[%emt 0:00:00]} 4. cxd5 {[%emt 0:00:19]} Nxd5 {[%emt 0:00:00]} 5. e4 {[%emt 0:00:07]} Nxc3 {[%emt 0:00:00]} 6. bxc3 {[%emt 0:00:06]} Bg7 {[%emt 0:00:00]} 7. Ba3 {[%emt 0:00:12]} Nd7 {[%emt 0:00:09]} 8. Nf3 {[%emt 0:00:37]} O-O {[%emt 0:07:38]} 9. Bd3 {[%emt 0:01:17]} c5 {[%emt 0:00:12]} 10. O-O {[%emt 0:00:44]} b6 {[%emt 0:07:25]} 11. e5 {[%emt 0:03:42]} Bb7 {[%emt 0:08:38]} 12. Ng5 {[%emt 0:10:38]} Nb8 {[%emt 0:07:33]} 13. Qg4 {[%emt 0:07:33]} Nc6 {[%emt 0:05:18]} 14. e6 {[%emt 0:03:59]} f5 {[%emt 0:12:48]} 15. Qh3 {[%emt 0:00:44]} h5 {[%emt 0:02:28]} 16. dxc5 {[%emt 0:07:29]} bxc5 {[%emt 0:01:07]} 17. Bxc5 {[%emt 0:04:46]} Qd5 {[%emt 0:08:32]} 18. Rab1 {[%emt 0:05:29]} Rab8 {[%emt 0:04:08]} 19. Rb5 {[%emt 0:02:58]} a6 {[%emt 0:02:31]} 20. c4 {[%emt 0:03:35]} Qe5 {[%emt 0:03:25]} 21. f4 {[%emt 0:00:53]} Qc3 {[%emt 0:12:43]} 22. Rb3 {[%emt 0:02:30]} Qa5 {[%emt 0:00:02]} 23. Ba3 {[%emt 0:05:33]} Nd4 {[%emt 0:02:09]} 24. Bxe7 {[%emt 0:04:58]} Nxb3 {[%emt 0:00:08]} 25. Bxf8 {[%emt 0:01:13]} Bd4+ {[%emt 0:00:20]} 26. Kh1 {[%emt 0:00:22]} Nd2 {[%emt 0:00:12]} 27. Bd6 {[%emt 0:02:51]} Nxf1 {[%emt 0:00:20]} 28. Bxf1 {[%emt 0:00:05]} Qe1 {[%emt 0:01:03]} 29. Qd3 {[%emt 0:00:08]} Be4 {[%emt 0:08:13]} 30. Nxe4 {[%emt 0:01:04]} fxe4 {[%emt 0:00:04]} 31. Qxd4 {[%emt 0:00:41]} Qxf1+ {[%emt 0:00:05]} 32. Qg1 {[%emt 0:00:07]} Rb1 {[%emt 0:00:10]} 0-1

[Event "28th WSCC Open 50 2018"]
[Site "Bled"]
[Date "2018.11.25"]
[Round "7"]
[White "Baimurzin, Aitkazy"]
[Black "Arkell, Keith C"]
[Result "0-1"]
[WhiteElo "2154"]
[BlackElo "2443"]
[Annotator "TA"]
[PlyCount "110"]
[EventDate "2018.11.17"]
[EventType "swiss"]
[EventCountry "SLO"]
[SourceTitle "playchess.com"]
[Source "ChessBase"]
[SourceQuality "1"]

{[%evp 17,110,0,20,11,19,14,12,0,16,15,20,6,36,36,39,33,29,8,33,-3,37,31,40,41,80,82,82,82,83,79,104,104,106,109,120,75,75,72,90,87,65,75,77,59,87,86,90,75,72,67,82,77,87,84,84,82,99,102,94,90,100,44,44,28,27,0,12,0,0,-199,-199,-167,-191,-186,-199,-199,-199,-264,-259,-575,-553,-1287,-1152,-2168,-2141,-2183,-1933,-29964,-29966,-6721,-6550,-29973,-29976,-29944,-6164]} 1. c4 e5 2. Nf3 Nc6 3. Nc3 f5 4. d3 Nf6 5. a3 d6 6. g3 g6 7. Bg2 Bg7 8. O-O O-O 9. Rb1 h6 10. b4 {[%cal Bb2b4,Bb4b5][%mdl 32] A26: English Opening vs King's Indian with ...Nc6 and d3} g5 11. b5 Ne7 12. Nd2 $146 {The position is equal.} ({Predecessor:} 12. a4 Be6 13. a5 Qd7 14. Nd2 Rab8 15. Ba3 b6 16. axb6 axb6 17. Bb4 h5 {0-1 (31) Moroni,L (2344)-Draskovic,L (2337) Porto San Giorgio 2014}) 12... Ng6 13. Qb3 Kh8 14. a4 Nd7 15. a5 Nc5 {[%cal Bd7c5,Bc5e6,Be6d4][%mdl 32]} 16. Qc2 $36 {[%mdl 2048] White has some pressure.} a6 17. Ba3 Ne6 18. Nb3 Nd4 19. Nxd4 exd4 20. Nd5 axb5 21. cxb5 Rxa5 22. Bb4 Rxb5 {[#] Hoping for ...c6.} 23. Qxc7 ({Of course not} 23. Nxc7 $6 Rc5 $11) 23... Be5 24. Qc4 Bd7 25. Nc7 Rb6 26. Ne6 Bxe6 27. Qxe6 Qe8 28. Qxe8 Rxe8 29. Bd2 Ra6 30. Rxb7 Ra2 31. Rd1 Re7 32. Rb8+ Kg7 33. Bd5 Rc2 34. Kf1 g4 35. Bb3 Rcc7 36. Ra1 Rb7 37. Rxb7 Rxb7 38. Bd5 Rc7 39. Ke1 (39. f4 $16 gxf3 40. Bxf3 (40. exf3 f4 $16)) 39... h5 $14 40. Ra6 h4 41. Ba5 Rc1+ $1 42. Kd2 Rf1 43. f4 $2 (43. Ra7+ $11 Kh6 44. Bg8) 43... Nxf4 $1 $19 44. Ra7+ {[#]} ({But not} 44. gxf4 Bxf4+ 45. Kc2 Bxh2) 44... Kh6 $1 45. gxf4 Bxf4+ 46. Kc2 Bxh2 47. Bd8 (47. Bd2+ $142 Bf4 48. Bxf4+ Rxf4 49. Ra1) 47... h3 48. Be7 $2 (48. Re7 {is more resistant.} Bf4 49. Re6+ Kh5 50. Rf6) 48... Be5 49. Bxd6 Bxd6 {[%mdl 4096] Endgame KRB-KRB} 50. Ra6 h2 51. Rxd6+ Kg5 52. Rd8 h1=Q 53. Bxh1 Rxh1 54. Rxd4 g3 55. Rd8 Rh6 {Accuracy: White = 42%, Black = 71%.} 0-1

[Event "28th WSCC Open 50 2018"]
[Site "Bled"]
[Date "2018.11.25"]
[Round "7"]
[White "Smolin, Sergey"]
[Black "Porper, Edward"]
[Result "0-1"]
[WhiteElo "2140"]
[BlackElo "2377"]
[Annotator "NA"]
[PlyCount "90"]
[EventDate "2018.11.17"]
[EventType "swiss"]
[EventCountry "SLO"]
[SourceTitle "playchess.com"]
[Source "ChessBase"]
[SourceQuality "1"]
[TimeControl "40/5400+30:1800+30"]

1. e4 {[%emt 0:01:06]} e6 {[%emt 0:00:00]} 2. d4 {[%emt 0:01:31]} d5 {[%emt 0:00:00]} 3. e5 {[%emt 0:05:00]} c5 {[%emt 0:00:00]} 4. dxc5 {[%emt 0:00:08]} Nc6 {[%emt 0:00:00]} 5. Nf3 {[%emt 0:00:06]} Bxc5 {[%emt 0:00:00]} 6. Bd3 {[%emt 0:00:03]} f6 {[%emt 0:00:03]} 7. Qe2 {[%emt 0:00:09]} fxe5 {[%emt 0:00:19]} 8. Nxe5 {[%emt 0:00:04]} Nxe5 {[%emt 0:00:07]} 9. Qxe5 {[%emt 0:00:07]} Nf6 {[%emt 0:00:06]} 10. Be3 {[%emt 0:01:06]} Bd6 {[%emt 0:00:24]} 11. Qg5 {[%emt 0:00:15]} O-O {[%emt 0:00:06]} 12. f4 {[%emt 0:01:41]} h6 {[%emt 0:06:22]} 13. Qh4 {[%emt 0:01:18]} e5 {[%emt 0:01:55]} 14. fxe5 {[%emt 0:14:55]} Bxe5 {[%emt 0:00:06]} 15. Bd4 {[%emt 0:00:10]} Bxd4 {[%emt 0:04:25]} 16. Qxd4 {[%emt 0:00:06]} Qe7+ {[%emt 0:00:10]} 17. Kd1 {[%emt 0:01:41]} Ng4 {[%emt 0:04:27]} 18. Re1 {[%emt 0:05:19]} Qg5 {[%emt 0:04:13]} 19. Nd2 {[%emt 0:00:36]} Nf2+ {[%emt 0:01:16]} 20. Kc1 {[%emt 0:00:09]} Nxd3+ {[%emt 0:00:30]} 21. Qxd3 {[%emt 0:04:30]} Qxg2 {[%emt 0:01:34]} 22. Qg3 {[%emt 0:01:15]} Qxg3 {[%emt 0:00:12]} 23. hxg3 {[%emt 0:00:03]} Bf5 {[%emt 0:00:45]} 24. Nb3 {[%emt 0:00:14]} Rac8 {[%emt 0:00:18]} 25. Nd4 {[%emt 0:00:08]} Bxc2 {[%emt 0:01:17]} 26. Kd2 {[%emt 0:00:11]} Be4 {[%emt 0:00:21]} 27. Rac1 {[%emt 0:08:07]} Rce8 {[%emt 0:10:25]} 28. Rc7 {[%emt 0:00:30]} Rf2+ {[%emt 0:03:14]} 29. Kc3 {[%emt 0:00:27]} Rf7 {[%emt 0:00:16]} 30. Rc5 {[%emt 0:00:56]} a6 {[%emt 0:00:39]} 31. Kb4 {[%emt 0:00:53]} Ree7 {[%emt 0:02:03]} 32. Rc8+ {[%emt 0:02:24]} Kh7 {[%emt 0:00:13]} 33. Rec1 {[%emt 0:00:24]} Kg6 {[%emt 0:01:31]} 34. a4 {[%emt 0:00:37]} Kg5 {[%emt 0:00:46]} 35. a5 {[%emt 0:02:20]} Kg4 {[%emt 0:00:22]} 36. R8c3 {[%emt 0:00:28]} g5 {[%emt 0:00:45]} 37. Kc5 {[%emt 0:01:05]} Rc7+ {[%emt 0:01:45]} 38. Kd6 {[%emt 0:00:29]} Rxc3 {[%emt 0:00:19]} 39. Rxc3 {[%emt 0:00:06]} h5 {[%emt 0:00:34]} 40. Ke6 {[%emt 0:00:00]} Rh7 {[%emt 0:00:00]} 41. Nc2 {[%emt 0:13:53]} Bxc2 {[%emt 0:02:52]} 42. Rxc2 {[%emt 0:00:05]} h4 {[%emt 0:02:24]} 43. gxh4 {[%emt 0:00:25]} gxh4 {[%emt 0:00:04]} 44. Kxd5 {[%emt 0:00:07]} h3 {[%emt 0:00:09]} 45. Rc4+ {[%emt 0:00:19]} Kf5 0-1

[Event "28th WSCC Open 50 2018"]
[Site "Bled"]
[Date "2018.11.26"]
[Round "8"]
[White "Sturua, Zurab"]
[Black "Vareille, Francois"]
[Result "0-1"]
[WhiteElo "2529"]
[BlackElo "2432"]
[Annotator "TA"]
[PlyCount "66"]
[EventDate "2018.11.17"]
[EventType "swiss"]
[EventCountry "SLO"]
[SourceTitle "playchess.com"]
[Source "ChessBase"]
[SourceQuality "1"]

{[%evp 36,66,-14,-35,-34,-44,-28,-65,-32,-39,-25,-26,-23,-22,-12,-64,-56,-108,-100,-112,-111,-142,-131,-141,-133,-230,-236,-336,-354,-611,-600,-545,-531]} 1. d4 Nf6 2. c4 g6 3. Nf3 Bg7 4. g3 O-O 5. Bg2 d5 6. cxd5 Nxd5 7. O-O Nb6 8. Nc3 Nc6 9. e3 e5 10. d5 Na5 11. e4 c6 12. Bg5 f6 13. Be3 cxd5 14. Bxb6 Qxb6 15. Nxd5 Qd8 16. Rc1 Nc6 17. Qb3 {D76: Fianchetto Grünfeld: Main Line with 7...Nb6} Rf7 18. Rfd1 Be6 19. h4 {LiveBook: 16 Games. The position is equal.} Qf8 20. Kh2 Bh6 21. Rc3 g5 22. Qa4 Kh8 {[#]} 23. Ne3 $146 ({Predecessor:} 23. a3 a6 24. Ne3 gxh4 25. Nxh4 Bxe3 26. Rxe3 {½-½ (107) Baburin,A (2580)-Nakamura,H (2494) San Francisco 2002}) 23... g4 24. Ne1 $1 Bxe3 25. Rxe3 (25. fxe3 $11 Rd8 26. Rxd8 Qxd8 27. Nd3) 25... Nd4 $36 {[%mdl 2048] White is under pressure.} 26. Rc1 (26. Red3 $15) 26... a5 $17 27. Qd1 Rd8 28. Rd3 {[#]} Rfd7 $1 29. b3 b5 30. Qd2 {[#]} (30. Rb1 $17) 30... Bxb3 $1 $19 {[%mdl 512]} 31. Qxa5 (31. axb3 $142 Nxb3 {[%mdl 64] Double Attack} 32. Qc2 Nxc1 33. Rxd7 Rxd7 34. Qxc1) 31... Ra8 32. Qxa8 $2 (32. Qc3 Bc4 33. Rd2) 32... Qxa8 33. axb3 Qa2 {Accuracy: White = 26%, Black = 88%.} 0-1